El juicio arbitral.

Պահպանված է:
Մատենագիտական մանրամասներ
Հիմնական հեղինակ: Aylwin Azócar, Patricio (autor)
Ձևաչափ: Գիրք
Լեզու:իսպաներեն
Հրապարակվել է: Santiago, Chile: Jurídica de Chile, 1958.
Շարք:Colección de Estudios Jurídicos y Sociales, XXXIV.
Խորագրեր:
Ցուցիչներ: Ավելացրեք ցուցիչ
Չկան պիտակներ, Եղեք առաջինը, ով նշում է այս գրառումը!

MARC

LEADER 00000nam a2200000 a 4500
001 UCV1614
003 CL-VaPUC
005 20220822114320.0
008 900903e19580000CL |||||||||||||||||spa|d
999 |c 209534  |d 209532 
040 |c Pontificia Universidad Católica de Valparaíso 
082 0 4 |a 347.09 AYL 1958  |2 21 
100 |a Aylwin Azócar, Patricio  |e autor  |9 352911 
245 1 3 |a El juicio arbitral. 
260 |a Santiago, Chile:   |b Jurídica de Chile,  |c 1958. 
300 |a 530 páginas.  
490 0 |a Colección de Estudios Jurídicos y Sociales, XXXIV.  
500 |a c.2 Donación Familia Prof. Alejandro Guzmán Brito.  
583 |a last modification  |c 19900903 00:00:00  |k Rodrigo Vera 
650 0 |a Juicio arbitral  |2 CL-VaPUC  |9 254865 
650 0 |a Tribunales  |9 254872  |z Chile 
942 |c BK  |2 ddc  |n 0 
945 |d 19900903 00:00:00 
952 |0 0  |1 0  |4 0  |6 347_090000000000000_AYL_1958  |7 0  |8 A  |9 184989  |a BIBDER  |b BIBDER  |d 2019-11-14  |i 2523175  |l 2  |o 347.09 AYL 1958  |p 2523175  |r 2024-09-16  |s 2024-09-12  |w 2019-11-14  |y BK  |k DER 
952 |0 0  |1 0  |2 ddc  |4 0  |6 347_090000000000000_AYL_1958  |7 1  |8 C_AGB  |9 580545  |a BIBDER  |b BIBDER  |d 2022-01-14  |e Donación   |i 563864K   |o 347.09 AYL 1958  |p 563864K  |r 2023-01-25  |t 2  |w 2022-01-14  |y BK_US  |k AGB